| 000 | 00358nam a2200157Ia 4500 | ||
|---|---|---|---|
| 005 | 20250509064503.0 | ||
| 008 | 240331s9999 xx 000 0 und d | ||
| 082 |
_bSIV _a891 |
||
| 100 | _aSivakami, | ||
| 245 | 0 | _aAnandaye | |
| 250 | _a3rd | ||
| 260 |
_aMadras _bTamil Puthakalayam _c1995 |
||
| 300 | _a324 p ., | ||
| 500 | _aTamil Social Novel | ||
| 942 | _cL | ||
| 999 |
_c4309 _d4309 |
||